Vplyv tepelného spracovania na vybrané vlastnosti komponentov vyhotovených metódou WAAM zo zliatiny INCONEL 718

Salvato in:
Dettagli Bibliografici
Autore principale: Ternová, Viola (Autore)
Altri autori: Bártová, Katarína (Relatore della tesi)
Natura: Manoscritto Libro
Lingua:slovacco
Pubblicazione: 2025
Soggetti:
Accesso online:http://is.stuba.sk/zp/portal_zp.pl?podrobnosti=185800
Tags: Aggiungi Tag
Nessun Tag, puoi essere il primo ad aggiungerne!!

MARC

LEADER 00000ntm a22000003a 4500
001 stuzp104927
003 SK-STU
005 20250614213444.3
007 ta
008 150427s2015----xo-----f-mn---000-0-slo-d
040 |a STU  |b slo 
041 0 |a slo 
100 1 |a Ternová, Viola  |u 063000  |4 aut  |U MTF Materiálovotechnologická fakulta  |T MTF Ústav výrobných technológií  |X 109884  |U M3000  |Y 83  |7 109884 
242 0 1 |a The influence of heat treatment on selected properties of components made by the WAAM method from the INCONEL 718 alloy  |y eng 
245 1 0 |a Vplyv tepelného spracovania na vybrané vlastnosti komponentov vyhotovených metódou WAAM zo zliatiny INCONEL 718 
260 |c 2025 
650 4 |a nickel based alloys  |2 eng 
650 4 |a precipitation hardening  |2 eng 
650 4 |a heat treatment  |2 eng 
650 4 |a Inconel 718  |2 eng 
650 4 |a CMT  |2 eng 
650 4 |a WAAM  |2 eng 
650 4 |a precipitačné vytvrdzovanie  |2 slo 
650 4 |a tepelné spracovanie  |2 slo 
650 4 |a niklové zliatiny  |2 slo 
650 4 |a Inconel 718  |2 slo 
650 4 |a CMT  |2 slo 
650 4 |a WAAM  |2 slo 
700 1 |a Bártová, Katarína  |u 061000  |k Z1  |4 ths  |U MTF Materiálovotechnologická fakulta  |T MTF Ústav materiálov  |X 29343  |U M1000  |Y 81  |7 A000029343 
856 4 |u http://is.stuba.sk/zp/portal_zp.pl?podrobnosti=185800 
996 |c M* DP-15653  |l MMSKP  |s P  |a 0  |w stuzp104927_0001